Géographie - Avenues Foch de France - Statistiques

Statistiques générales
  • Ce quiz a été pris 28 fois
  • Le résultat moyen est 12 sur 22
Statistiques - réponses
Département Première lettre Réponse % Correct
Paris P Paris
96%
Rhône L Lyon
85%
Moselle M Metz
81%
Côte-d'Or D Dijon
77%
Bouches-du-Rhône M Marseille
77%
Meurthe-et-Moselle N Nancy
77%
Alpes-Maritimes N Nice
77%
Finistère B Brest
73%
Seine-Maritime L Le Havre
69%
Nord L Lille
69%
Hérault B Béziers
62%
Meurthe-et-Moselle T Toul
58%
Maine-et-Loire S Saumur
54%
Eure V Vernon
46%
Corrèze B Brive-la-Gaillarde
42%
Haute-Garonne T Toulouse
42%
Haute-Loire P Puy-en-Velay
31%
Val-de-Marne V Vincennes
19%
Yvelines C Chatou
15%
Val-d'Oise M Montmorency
15%
Hauts-de-Seine L La Garenne-Colombes
12%
Pas-de-Calais L Le Touquet-Paris-Plage
0%
Aucun quiz correspondant
Distribution des résultats
% des personnes avec chaque résultat
Percentile par nombre de réponses
Votre historique - résultats
Vous n’avez pas pris ce quiz